|
|
|
|
| LEADER |
01263nam a2200217 a 4500 |
| 001 |
00022239 |
| 008 |
110324r2011 bg 00 0 ben d |
| 040 |
|
|
|a BD-DhAAL
|c BD-DhAAL
|
| 082 |
0 |
0 |
|a 570
|2 21
|
| 100 |
1 |
0 |
|a আজমল,গাজী
|
| 245 |
1 |
0 |
|a উচ্চমাধ্যমিক জীববিঞ্জান (দ্বিতীয় পত্র: প্রাণিবিঞ্জান) :
|b তত্ত্বীয় ও ব্যবহারিক /
|c গাজী আজমল ও গাজী আসমত
|
| 260 |
|
|
|a ঢাকা :
|b গাজী পাবলিশার্স,
|c ২০১১ [পুনর্মুদ্রণ]
|
| 300 |
|
|
|a আট,৩৯২ পৃ. :
|b চিত্র ;
|c ২৪ সে.মি.
|
| 541 |
1 |
|
|e 00022239
|
| 650 |
|
0 |
|a Biology
|
| 700 |
1 |
0 |
|a আসমত,গাজী
|
| 852 |
4 |
|
|a Ayesha Abed Library
|j General shelf
|
| 942 |
0 |
0 |
|0 2
|
| 999 |
|
|
|c 10574
|d 10574
|
| 952 |
|
|
|0 0
|1 0
|2 ddc
|4 0
|6 570_AZM
|7 0
|9 15850
|a BRACUL
|b BRACUL
|c GEN
|d 2011-03-24
|e Development Book Agency
|g 125.00
|l 13
|m 27
|o 570 AZM
|p 3010022238
|r 2024-04-24
|s 2023-08-28
|t 1
|w 2011-03-24
|y BK
|
| 952 |
|
|
|0 0
|1 0
|2 ddc
|4 0
|6 570_AZM
|7 0
|9 15851
|a BRACUL
|b BRACUL
|c GEN
|d 2011-03-24
|e Development Book Agency
|g 125.00
|l 11
|m 47
|o 570 AZM
|p 3010022239
|r 2025-12-10
|s 2025-10-20
|t 2
|w 2011-03-24
|y BK
|